000 00297nam a22001217a 4500
999 _c41245
_d41245
003 OSt
005 20210408144229.0
008 210408b ||||| |||| 00| 0 eng d
040 _coclc
100 _98577
_aUnnikrishnan A M
245 _aNeyyattinkara a p nayarum jnanapradayiniyum
942 _2ddc
_cBK